000 00503nam a2200181Ia 4500
005 20250425160637.0
008 250425s9999 xx 000 0 und d
041 _aspa
082 _a620
245 0 _aCARNE Y PRODUCTOS CARNICOS: DETERMINACION DE GRASA LIBRE
250 _a1A ED.
260 _aEcuador
_bINEN
_c1985
260 _aS.L.
500 _aD-14623 S/100 INEN BIBL. 28.06.94 NORMA INEN : 779 1985-05 general impreso DONACION
650 _aCONTAMINANTES
942 _c01
010 _a1074
999 _c193252
_d193252